[Event "Vojvodina Championship 2012"]
[Site "Novi Sad"]
[Date "2012.07.01"]
[Round "4"]
[White "Nestorovic, Nikola"]
[Black "Dimitrijevic, Radmilo"]
[Result "1-0"]
[WhiteElo "2437"]
[BlackElo "2236"]
[PlyCount "74"]
[EventDate "2012.??.??"]
[Source "Perpetual Check"]

1. e4 c5 2. Nf3 Nc6 3. d4 cxd4 4. Nxd4 e6 5. Nb5 d6 6. c4 Nf6 7. N1c3 a6 8. Na3
Be7 9. Be2 b6 10. O-O Bb7 11. Be3 O-O 12. f3 Ne5 13. Qb3 Ned7 14. Rfd1 Rb8 15.
Rd2 Re8 16. Kh1 Qc7 17. Bf1 Nc5 18. Qd1 Ncd7 19. Rc1 Bf8 20. Nc2 Ne5 21. Nd4
Rbc8 22. Nb3 Ned7 23. Qe1 Qb8 24. Qf2 Ba8 25. Rdd1 Kh8 26. a3 Kg8 27. Nd2 Qa7
28. Ndb1 Rb8 29. b4 Ne5 30. Na4 Nfd7 31. h3 Qb7 32. Nac3 Rec8 33. Nd2 Re8 34.
Be2 Qc7 35. f4 Ng6 36. Nf3 Nf6 37. Bd3 Nd7 {more moves} 1-0

[Event "Vojvodina Championship 2012"]
[Site "Novi Sad"]
[Date "2012.07.01"]
[Round "4"]
[White "Kumic, Filip"]
[Black "Radlovacki, Jovan"]
[Result "1/2-1/2"]
[WhiteElo "2210"]
[BlackElo "2412"]
[PlyCount "61"]
[EventDate "2012.??.??"]
[Source "Perpetual Check"]

1. e4 c6 2. d4 d5 3. e5 Bf5 4. h4 h6 5. g4 Be4 6. f3 Bh7 7. e6 fxe6 8. Bd3 Bxd3
9. Qxd3 Qd6 10. f4 e5 11. fxe5 Qe6 12. Qf5 Qxf5 13. gxf5 e6 14. fxe6 Na6 15.
Ne2 Nc7 16. Nf4 Ne7 17. Rf1 g5 18. Nh5 Nxe6 19. Nf6+ Kd8 20. Be3 Ng6 21. hxg5
hxg5 22. Nd2 Rh3 23. Rf3 Rh1+ 24. Rf1 Rxf1+ 25. Kxf1 Be7 26. Nf3 Bxf6 27. exf6
Kd7 28. Bxg5 Rf8 29. Ke2 Nxg5 30. Nxg5 Rxf6 31. Rf1 1/2-1/2

[Event "Vojvodina Championship 2012"]
[Site "Novi Sad"]
[Date "2012.07.01"]
[Round "4"]
[White "Stikovic, Dobrica"]
[Black "Doric, Nenad"]
[Result "1/2-1/2"]
[WhiteElo "2208"]
[BlackElo "2339"]
[PlyCount "93"]
[EventDate "2012.??.??"]
[Source "Perpetual Check"]

1. Nf3 d5 2. d4 Nf6 3. c4 c6 4. e3 e6 5. Nc3 Nbd7 6. Be2 Bd6 7. O-O O-O 8. a3
Qe7 9. cxd5 exd5 10. Qc2 Re8 11. b4 a6 12. Bb2 Nf8 13. Bd3 Bg4 14. Nd2 Bh5 15.
Rfe1 Bg6 16. Nf1 Bxd3 17. Qxd3 Ne4 18. Nxe4 dxe4 19. Qb3 Rad8 20. Red1 Qg5 21.
Kh1 Bb8 22. Rac1 Ne6 23. a4 Rd5 24. Rd2 Qh4 25. f4 Qe7 26. Rf2 f5 27. Ba3 Qf7
28. Bb2 Bd6 29. Rb1 Nc7 30. Nd2 Bf8 31. Rg1 Rd7 32. Qxf7+ Rxf7 33. g4 b5 34.
axb5 axb5 35. gxf5 Rxf5 36. Rfg2 Nd5 37. Nf1 Rf7 38. Bc1 Nxb4 39. Rg5 Rd8 40.
Ng3 Be7 41. Rg4 Nd5 42. Nxe4 Nf6 43. Nxf6+ Bxf6 44. Ba3 Re8 45. R4g3 Ra7 46.
Bd6 Re6 47. Be5 1/2-1/2

[Event "Vojvodina Championship 2012"]
[Site "Novi Sad"]
[Date "2012.07.01"]
[Round "4"]
[White "Kovacevic, Goran B"]
[Black "Petkovic, Radosav"]
[Result "0-1"]
[WhiteElo "2148"]
[BlackElo "2305"]
[PlyCount "72"]
[EventDate "2012.??.??"]
[Source "Perpetual Check"]

1. d4 Nf6 2. c4 g6 3. Nc3 Bg7 4. Nf3 d6 5. e3 O-O 6. Be2 Na6 7. O-O Bf5 8. b3
Re8 9. Bb2 Qc8 10. a3 c6 11. b4 Nc7 12. Qb3 e5 13. dxe5 dxe5 14. c5 Be6 15. Bc4
Bxc4 16. Qxc4 Qf5 17. e4 Qc8 18. Qe2 Nh5 19. Nd1 Nf4 20. Qc2 Nxg2 21. Ne3 Nf4
22. Kh1 Qh3 23. Ng1 Qh5 24. Rfd1 Rad8 25. Rxd8 Rxd8 26. Rd1 Rxd1 27. Nxd1 Nce6
28. Ne3 Nd4 29. Bxd4 exd4 30. Nc4 Nh3 31. Nxh3 Qxh3 32. Kg1 Bh6 33. Qe2 d3 34.
Qf1 Qg4+ 35. Qg2 Qd1+ 36. Qf1 Qc2 0-1

[Event "Vojvodina Championship 2012"]
[Site "Novi Sad"]
[Date "2012.07.01"]
[Round "4"]
[White "Ratkovic, Miloje"]
[Black "Mihalj, Miroslav M"]
[Result "1/2-1/2"]
[WhiteElo "2176"]
[BlackElo "2276"]
[PlyCount "108"]
[EventDate "2012.??.??"]
[Source "Perpetual Check"]

1. d4 Nf6 2. c4 g6 3. Nc3 d5 4. Nf3 Bg7 5. Qa4+ Bd7 6. Qb3 dxc4 7. Qxc4 O-O 8.
e4 Bg4 9. Be3 c6 10. Be2 Nbd7 11. Qb3 Qb6 12. Qc2 Qa5 13. O-O e5 14. Nxe5 Nxe5
15. dxe5 Qxe5 16. f3 Bd7 17. Rad1 Rfe8 18. Bd4 Qe7 19. e5 Nd5 20. Nxd5 cxd5 21.
f4 Bf5 22. Bd3 Rec8 23. Qe2 Qe6 24. Bxf5 Qxf5 25. Qb5 Qe4 26. Qxb7 Rab8 27.
Qxa7 Ra8 28. Qb7 Rab8 29. Qd7 Rc2 30. Qh3 Bf8 31. Qf3 Rc4 32. Qxe4 dxe4 33. Bc3
Bc5+ 34. Kh1 e3 35. Rde1 Bd4 36. Bxd4 Rxd4 37. b3 Ra8 38. Rxe3 Rxa2 39. h4 Rb2
40. Kh2 Kf8 41. Kh3 Ke7 42. h5 gxh5 43. e6 Rdd2 44. exf7+ Kxf7 45. Rg1 h4 46.
Rf3 Kf6 47. Kxh4 Rxg2 48. Rxg2 Rxg2 49. Kh3 Rg1 50. Kh2 Rg7 51. Rc3 Kf5 52. Rc4
Rg4 53. Rc5+ Kxf4 54. b4 Rg6 1/2-1/2

[Event "Vojvodina Championship 2012"]
[Site "Novi Sad"]
[Date "2012.07.01"]
[Round "4"]
[White "Jandric, Damjan"]
[Black "Stone, Andrew M"]
[Result "1/2-1/2"]
[WhiteElo "2010"]
[BlackElo "2233"]
[PlyCount "83"]
[EventDate "2012.??.??"]
[Source "Perpetual Check"]

1. e4 e6 2. d3 d5 3. Qe2 Nf6 4. Nf3 Be7 5. e5 Nfd7 6. g3 c5 7. Bg2 Nc6 8. O-O
O-O 9. h4 b5 10. c3 a5 11. h5 b4 12. c4 Nb6 13. Bf4 Nd4 14. Nxd4 cxd4 15. Nd2
Ra7 16. Nf3 dxc4 17. dxc4 d3 18. Qe3 Rd7 19. b3 Qc7 20. h6 Bc5 21. Qd2 g6 22.
Be3 Bb7 23. Bxc5 Qxc5 24. Qf4 f6 25. exf6 Bxf3 26. Qxf3 d2 27. Qe3 Qxe3 28.
fxe3 Rfd8 29. f7+ Rxf7 30. Rxf7 d1=Q+ 31. Rxd1 Rxd1+ 32. Rf1 Rxf1+ 33. Kxf1 Nd7
34. Ke2 Nc5 35. Kf3 Kf7 36. Kf4 Kf6 37. Bf3 g5+ 38. Kg4 Kg6 39. Bd1 Kxh6 40.
Be2 Nd7 41. Kf3 Nc5 42. Kg4 1/2-1/2

[Event "Vojvodina Championship 2012"]
[Site "Novi Sad"]
[Date "2012.07.01"]
[Round "4"]
[White "Sokic, Dragomir"]
[Black "Remecki, Sinisa"]
[Result "1/2-1/2"]
[WhiteElo "2020"]
[BlackElo "2225"]
[PlyCount "42"]
[EventDate "2012.??.??"]
[Source "Perpetual Check"]

1. e4 c5 2. Nf3 Nc6 3. d4 cxd4 4. Nxd4 d6 5. Be2 Nf6 6. Nc3 e6 7. O-O Be7 8.
Kh1 a6 9. a4 Qc7 10. f4 O-O 11. Bf3 Bd7 12. Nb3 b6 13. g4 Bc8 14. Bg2 Bb7 15.
g5 Nd7 16. Qh5 Nb4 17. Rf2 Qc4 18. Bf1 Qc7 19. Bg2 Qc4 20. Bf1 Qc7 21. Be3 d5
1/2-1/2

[Event "Vojvodina Championship 2012"]
[Site "Novi Sad"]
[Date "2012.07.01"]
[Round "4"]
[White "Vucinic, Gojko"]
[Black "Bodiroga, Predrag"]
[Result "1/2-1/2"]
[WhiteElo "2150"]
[BlackElo "2395"]
[PlyCount "99"]
[EventDate "2012.??.??"]
[Source "Perpetual Check"]

1. e4 c6 2. d4 d5 3. Nc3 dxe4 4. Nxe4 Bf5 5. Ng3 Bg6 6. h4 h6 7. h5 Bh7 8. Nf3
e6 9. Bd3 Bxd3 10. Qxd3 Nf6 11. Bf4 Qa5+ 12. Bd2 Bb4 13. c3 Be7 14. c4 Qa4 15.
O-O Nbd7 16. Rfe1 O-O 17. Ne5 Rad8 18. Qc3 Rfe8 19. a3 Qa6 20. f4 c5 21. Be3
Qb6 22. Rad1 cxd4 23. Bxd4 Bc5 24. b4 Bxd4+ 25. Qxd4 Qxd4+ 26. Rxd4 Nxe5 27.
Rxd8 Nf3+ 28. Kf2 Rxd8 29. Kxf3 Rd4 30. c5 Nd5 31. f5 Rd3+ 32. Kf2 Rxa3 33.
fxe6 fxe6 34. Rxe6 Nxb4 35. Re7 Nd3+ 36. Ke2 Kf8 37. Nf5 Nxc5 38. Rxg7 b5 39.
Rc7 Ne6 40. Rb7 Nf4+ 41. Kf2 a6 42. g4 Nh3+ 43. Ke2 Nf4+ 44. Kd2 Rd3+ 45. Kc2
Rh3 46. Nxh6 Nxh5 47. gxh5 Rxh5 48. Rf7+ Ke8 49. Rf6 a5 50. Rf5 1/2-1/2

[Event "Vojvodina Championship 2012"]
[Site "Novi Sad"]
[Date "2012.07.01"]
[Round "4"]
[White "Leskur, Dejan"]
[Black "Markov, Ziva"]
[Result "1-0"]
[WhiteElo "2393"]
[BlackElo "2145"]
[PlyCount "89"]
[EventDate "2012.??.??"]
[Source "Perpetual Check"]

1. Nf3 d5 2. b3 Bg4 3. Bb2 Nd7 4. g3 Bxf3 5. exf3 Ngf6 6. f4 e6 7. Bg2 Bd6 8.
O-O O-O 9. c4 c6 10. d4 g6 11. Nd2 b6 12. Re1 Qb8 13. Nf3 Rc8 14. Ne5 Qc7 15.
Rc1 Qd8 16. h4 Qf8 17. Rc2 Rc7 18. Qd3 Rac8 19. Rec1 Nb8 20. c5 Be7 21. a4 Nfd7
22. b4 Nxe5 23. fxe5 bxc5 24. bxc5 Nd7 25. Bc3 Rb8 26. Rb2 Rxb2 27. Bxb2 Qd8
28. Bc3 Rb7 29. Qa6 Qc8 30. Bf1 Nb8 31. Qd3 Bd8 32. Qc2 Kg7 33. Bd3 Bc7 34. h5
gxh5 35. Qe2 Qg8 36. Qxh5 Rb3 37. Qd1 Rb7 38. Kg2 Kh8 39. a5 Nd7 40. Qa4 Nb8
41. a6 Rb5 42. Bxb5 cxb5 43. Qxb5 Qg5 44. Re1 Qd8 45. Qb7 1-0

[Event "Vojvodina Championship 2012"]
[Site "Novi Sad"]
[Date "2012.07.01"]
[Round "4"]
[White "Pecurica, Milos"]
[Black "Nestorovic, Dejan"]
[Result "0-1"]
[WhiteElo "2139"]
[BlackElo "2390"]
[PlyCount "47"]
[EventDate "2012.??.??"]
[Source "Perpetual Check"]

1. d4 Nf6 2. c4 e6 3. Nc3 Bb4 4. Nf3 b6 5. Bg5 h6 6. Bh4 Bb7 7. Nd2 Bxc3 8.
bxc3 d6 9. f3 Nbd7 10. e4 O-O 11. Bd3 e5 12. Nf1 exd4 13. cxd4 c5 14. d5 Ne5
15. Ne3 Ng6 16. Bg3 Nh5 17. Nf5 Nxg3 18. hxg3 Qf6 19. Rb1 Bc8 20. Ne3 Bd7 21.
f4 Rfe8 22. Qf3 Qc3+ 23. Ke2 Qa3 24. Kf2 0-1

[Event "Vojvodina Championship 2012"]
[Site "Novi Sad"]
[Date "2012.07.01"]
[Round "4"]
[White "Kosanovic, Goran A"]
[Black "Chandra, Akshat"]
[Result "1-0"]
[WhiteElo "2370"]
[BlackElo "2155"]
[PlyCount "113"]
[EventDate "2012.??.??"]
[Source "Perpetual Check"]

1. d4 Nf6 2. Bg5 d5 3. Bxf6 exf6 4. e3 Bd6 5. c4 dxc4 6. Bxc4 O-O 7. Nc3 c6 8.
Qc2 f5 9. g3 Nd7 10. Bd3 g6 11. h4 Nf6 12. O-O-O Be6 13. h5 Qe7 14. hxg6 fxg6
15. Nh3 Nd5 16. Nxd5 Bxd5 17. Bc4 Rac8 18. Kb1 Bxc4 19. Qxc4+ Kg7 20. Qc3 Rfd8
21. f4 Bb4 22. Qb3 h6 23. Nf2 Ba5 24. g4 Rd5 25. gxf5 Rxf5 26. Ng4 Qe4+ 27. Qc2
Qxc2+ 28. Kxc2 h5 29. Ne5 Bc7 30. Nf3 Re8 31. Kd3 Ra5 32. Rdg1 Kf6 33. Rg2 Rg8
34. Ra1 Rg7 35. b3 Rb5 36. Ke4 Rd5 37. a4 Bd6 38. Kd3 Ra5 39. Nd2 Be7 40. Nc4
Rf5 41. Rh1 Rh7 42. Nd2 h4 43. Rh3 Rhh5 44. Rg4 Kg7 45. e4 Rf8 46. Nf3 Bd6 47.
f5 g5 48. Nxg5 Kf6 49. Nf3 c5 50. Rhxh4 Rxh4 51. Rxh4 cxd4 52. Rh6+ Ke7 53. e5
Bc5 54. Rh7+ Kd8 55. f6 Re8 56. Rxb7 Kc8 57. Rb5 1-0

[Event "Vojvodina Championship 2012"]
[Site "Novi Sad"]
[Date "2012.07.01"]
[Round "4"]
[White "Klasan, Vladimir"]
[Black "Iliev, Dimitar"]
[Result "1/2-1/2"]
[WhiteElo "2355"]
[BlackElo "2137"]
[PlyCount "122"]
[EventDate "2012.??.??"]
[Source "Perpetual Check"]

1. e4 c6 2. d4 d6 3. Nc3 Qc7 4. Nf3 Bg4 5. Bc4 e5 6. dxe5 dxe5 7. h3 Bxf3 8.
Qxf3 Nf6 9. O-O Be7 10. a4 a5 11. Qg3 O-O 12. Bh6 Ne8 13. Rad1 Kh8 14. Be3 Nd7
15. Rd2 Bb4 16. Rfd1 Nef6 17. Qf3 Nc5 18. Bxc5 Bxc5 19. Ne2 Rad8 20. Ng3 Rxd2
21. Rxd2 Ne8 22. Qf5 Bd4 23. Bb3 Nd6 24. Qg4 g6 25. c3 Bc5 26. h4 Qc8 27. Qd1
Rd8 28. h5 Qc7 29. Qg4 Qe7 30. Nf1 b6 31. Nh2 Nb7 32. Rxd8+ Nxd8 33. Nf3 Qf6
34. Qd7 Kg7 35. Qg4 Qf4 36. Qxf4 exf4 37. hxg6 hxg6 38. Kf1 Kf6 39. Ke2 Ne6 40.
Bxe6 fxe6 41. Nd2 b5 42. b3 Ke5 43. Kf3 g5 44. Ke2 g4 45. f3 g3 46. Nb1 Kd6 47.
Kd3 e5 48. Nd2 Bb6 49. c4 b4 50. c5+ Kxc5 51. Nc4 Bc7 52. Kc2 Kd4 53. Kd2 Bd8
54. Nd6 Bc7 55. Nc4 Bd8 56. Nd6 Bc7 57. Nf5+ Kc5 58. Kd3 Bd8 59. Ng7 Be7 60.
Ne6+ Kd6 61. Ng7 Kc5 1/2-1/2

[Event "Vojvodina Championship 2012"]
[Site "Novi Sad"]
[Date "2012.07.01"]
[Round "4"]
[White "Lanzani, Mario"]
[Black "Lukajic, Bojan"]
[Result "1/2-1/2"]
[WhiteElo "2327"]
[BlackElo "2137"]
[PlyCount "29"]
[EventDate "2012.??.??"]
[Source "Perpetual Check"]

1. d4 Nf6 2. c4 g6 3. g3 Bg7 4. Bg2 d6 5. Nf3 O-O 6. O-O Nc6 7. Nc3 a6 8. Bf4
Rb8 9. Rc1 b5 10. cxb5 axb5 11. d5 e5 12. dxc6 exf4 13. gxf4 b4 14. Na4 Rb5 15.
e3 1/2-1/2

[Event "Vojvodina Championship 2012"]
[Site "Novi Sad"]
[Date "2012.07.01"]
[Round "5"]
[White "Indjic, Aleksandar"]
[Black "Nestorovic, Lazar"]
[Result "1-0"]
[WhiteElo "2432"]
[BlackElo "2365"]
[PlyCount "133"]
[EventDate "2012.??.??"]
[Source "Perpetual Check"]

1. d4 Nf6 2. c4 e6 3. Nf3 b6 4. g3 Bb7 5. Bg2 Be7 6. Nc3 c6 7. Bg5 d5 8. Qb3
O-O 9. O-O Nbd7 10. Rfd1 a5 11. c5 Ba6 12. cxb6 Nxb6 13. Qc2 Rc8 14. e4 Nxe4
15. Nxe4 dxe4 16. Bxe7 Qxe7 17. Qxe4 Bc4 18. Qe1 a4 19. Rdc1 Bd5 20. Ne5 Bxg2
21. Kxg2 c5 22. dxc5 Rxc5 23. Nc6 Qd6 24. Rxc5 Qxc5 25. Rc1 Qb5 26. Qb4 Qxb4
27. Nxb4 Rc8 28. Rxc8+ Nxc8 29. Kf3 Nd6 30. Nd3 Nc4 31. Ke4 Kf8 32. Kd4 Nb6 33.
a3 Ke7 34. Kc5 Nd7+ 35. Kb5 e5 36. Kxa4 e4 37. Ne1 Kd6 38. Kb4 f5 39. a4 g5 40.
Kb5 f4 41. gxf4 gxf4 42. a5 Ne5 43. b4 Kc7 44. Ng2 Nd3 45. a6 Kb8 46. Kc4 f3
47. Ne3 Nxf2 48. b5 Ka7 49. Kd4 Kb6 50. h4 h5 51. Nf1 Nd1 52. Kxe4 Nc3+ 53.
Kxf3 Nxb5 54. Ng3 Kxa6 55. Nxh5 Kb7 56. Ng7 Kc8 57. Kf4 Kd7 58. Nf5 Nc7 59. h5
Ne6+ 60. Ke5 Ng5 61. Kf6 Ne4+ 62. Kg6 Nc5 63. h6 Ne6 64. Nd4 Nf8+ 65. Kf7 Nh7
66. Nf3 Kd6 67. Kg7 1-0

[Event "Vojvodina Championship 2012"]
[Site "Novi Sad"]
[Date "2012.07.01"]
[Round "5"]
[White "Petkovic, Radosav"]
[Black "Drazic, Sinisa"]
[Result "1/2-1/2"]
[WhiteElo "2305"]
[BlackElo "2528"]
[PlyCount "146"]
[EventDate "2012.??.??"]
[Source "Perpetual Check"]

1. e4 c5 2. Nf3 e6 3. d4 cxd4 4. Nxd4 a6 5. c4 Nf6 6. Nc3 Qc7 7. f4 Bb4 8. e5
Ne4 9. Qf3 d5 10. exd6 Nxd6 11. Nc2 Nc6 12. Bd2 O-O 13. Bd3 Bc5 14. Be3 b6 15.
O-O Bb7 16. Qh3 g6 17. Na4 Ne7 18. Nxc5 bxc5 19. Rae1 Be4 20. Bxe4 Nxe4 21. Bc1
f5 22. Rxe4 fxe4 23. Qxe6+ Rf7 24. Qxe4 Rd8 25. b3 Nf5 26. Bb2 Re7 27. Be5 Qb7
28. Qe1 Rd3 29. Qf2 Qc6 30. Ne1 Rd1 31. Qe2 Red7 32. Bc3 Rd8 33. g4 Ng7 34. f5
Qe8 35. Qf3 Qf7 36. Qe2 Rc1 37. Qe3 Rdd1 38. Qg3 h6 39. Qe5 Kh7 40. h3 Rd8 41.
Qe3 Rxc3 42. Qxc3 gxf5 43. Nf3 Qc7 44. Qe5 Qc8 45. Nh4 Re8 46. Qg3 fxg4 47.
hxg4 Qd7 48. Qf4 Re6 49. Nf5 Rg6 50. Ne3 h5 51. Qe4 Qd4 52. Rf4 Qa1+ 53. Rf1
Qd4 54. Rf4 Qd8 55. Nd5 Kh6 56. Ne7 Rb6 57. Nf5+ Kh7 58. Qc2 Rg6 59. Nxg7 Kxg7
60. Qc3+ Kg8 61. Qf3 hxg4 62. Qd5+ Qxd5 63. cxd5 Kg7 64. Rc4 Kf6 65. Rxc5 Ke5
66. Rc6 Rxc6 67. dxc6 Kd6 68. Kf2 Kxc6 69. Kg3 Kc5 70. Kxg4 Kb4 71. Kf3 Ka3 72.
Ke3 a5 73. Kd2 Kxa2 1/2-1/2

[Event "Vojvodina Championship 2012"]
[Site "Novi Sad"]
[Date "2012.07.01"]
[Round "5"]
[White "Kokeza, Mirko"]
[Black "Tosic, Miroslav"]
[Result "0-1"]
[WhiteElo "2282"]
[BlackElo "2415"]
[PlyCount "82"]
[EventDate "2012.??.??"]
[Source "Perpetual Check"]

1. d4 Nf6 2. c4 c6 3. Nc3 d6 4. e4 e5 5. Nf3 Nbd7 6. Be2 Be7 7. h3 O-O 8. Be3
exd4 9. Bxd4 Re8 10. Qc2 Qc7 11. O-O Ne5 12. Nd2 Ng6 13. f4 Nd7 14. g3 Ngf8 15.
Kg2 Ne6 16. Bf2 Bf6 17. Nb3 b6 18. Rfe1 Bb7 19. Bf3 g5 20. Qd2 Rad8 21. Rad1
Ndf8 22. Nd4 Nxd4 23. Bxd4 Bxd4 24. Qxd4 gxf4 25. gxf4 Ng6 26. Rg1 Nxf4+ 27.
Kh2+ Ng6 28. h4 Kf8 29. Qf6 Re6 30. Qg5 Qe7 31. Qh6+ Ke8 32. Rg5 Rf6 33. Qxh7
Bc8 34. Rdg1 Ne5 35. Rg8+ Kd7 36. R1g3 Kc7 37. Kg2 Be6 38. Rxd8 Qxd8 39. Nd5+
cxd5 40. cxd5 Rxf3 41. Rxf3 Bg4 0-1

[Event "Vojvodina Championship 2012"]
[Site "Novi Sad"]
[Date "2012.07.01"]
[Round "5"]
[White "Radlovacki, Jovan"]
[Black "Cabarkapa, Velibor"]
[Result "1/2-1/2"]
[WhiteElo "2412"]
[BlackElo "2271"]
[PlyCount "78"]
[EventDate "2012.??.??"]
[Source "Perpetual Check"]

1. d4 Nf6 2. Nf3 d5 3. Bf4 c5 4. e3 Nc6 5. c3 Qb6 6. Qc1 Bf5 7. Be2 Rc8 8. O-O
h6 9. Nbd2 e6 10. dxc5 Bxc5 11. Nb3 Nh5 12. Be5 Nxe5 13. Nxe5 Nf6 14. Nxc5 Qxc5
15. Qd2 O-O 16. Qd4 Rfd8 17. g4 Bh7 18. Rfd1 Nd7 19. Nxd7 Rxd7 20. Qxc5 Rxc5
21. c4 Rcc7 22. cxd5 Rxd5 23. Rxd5 exd5 24. Rd1 Rc2 25. Bf3 Rxb2 26. Rxd5 Bb1
27. a4 Rb4 28. a5 Ba2 29. Rd8+ Kh7 30. Ra8 a6 31. Kg2 Rb5 32. Rb8 Rxa5 33. Rxb7
Rb5 34. Ra7 a5 35. Bc6 Rc5 36. Be8 Kg8 37. Kg3 Bb3 38. Ra8 Kh7 39. Ra7 Kg8
1/2-1/2

[Event "Vojvodina Championship 2012"]
[Site "Novi Sad"]
[Date "2012.07.01"]
[Round "5"]
[White "Leskur, Dejan"]
[Black "Kumic, Filip"]
[Result "1/2-1/2"]
[WhiteElo "2393"]
[BlackElo "2210"]
[PlyCount "47"]
[EventDate "2012.??.??"]
[Source "Perpetual Check"]

1. e4 c5 2. Nf3 d6 3. c3 Nf6 4. Bd3 Nc6 5. Bc2 Bg4 6. h3 Bxf3 7. Qxf3 g6 8. O-O
Bg7 9. d3 O-O 10. Nd2 b5 11. Qe2 Nd7 12. Nf3 b4 13. Bd2 Rb8 14. Ba4 bxc3 15.
bxc3 Qc7 16. Rab1 Rb6 17. Rfc1 Rxb1 18. Rxb1 Rc8 19. Rc1 Qb7 20. Be3 Qa6 21.
Bb3 Nb6 22. Kf1 Ne5 23. Nxe5 Bxe5 24. g3 1/2-1/2

[Event "Vojvodina Championship 2012"]
[Site "Novi Sad"]
[Date "2012.07.01"]
[Round "5"]
[White "Nestorovic, Dejan"]
[Black "Stikovic, Dobrica"]
[Result "1-0"]
[WhiteElo "2390"]
[BlackElo "2208"]
[PlyCount "63"]
[EventDate "2012.??.??"]
[Source "Perpetual Check"]

1. d4 e6 2. c4 d5 3. Nc3 Be7 4. Nf3 Nf6 5. cxd5 exd5 6. Bg5 O-O 7. e3 Nbd7 8.
Bd3 Re8 9. Qc2 Nf8 10. h3 c6 11. Bf4 Ng6 12. Bh2 Bd6 13. Bxd6 Qxd6 14. O-O-O
Bd7 15. Kb1 Rac8 16. g4 c5 17. dxc5 Qxc5 18. g5 Ne4 19. Bxe4 dxe4 20. Rxd7 exf3
21. h4 Qc6 22. Rd4 Re5 23. Rhd1 Nf8 24. a3 b5 25. Qb3 a5 26. Rd6 Qb7 27. R1d5
Qe7 28. Qxb5 Qxd6 29. Rxd6 Rxb5 30. Nxb5 Rc4 31. Nd4 g6 32. Rc6 1-0

[Event "Vojvodina Championship 2012"]
[Site "Novi Sad"]
[Date "2012.07.01"]
[Round "5"]
[White "Kler, Borko"]
[Black "Kosanovic, Goran A"]
[Result "1-0"]
[WhiteElo "2196"]
[BlackElo "2370"]
[PlyCount "45"]
[EventDate "2012.??.??"]
[Source "Perpetual Check"]

1. e4 c5 2. Nf3 d6 3. d4 cxd4 4. Nxd4 Nf6 5. Nc3 Bd7 6. Be2 Nc6 7. Nb3 a6 8. a4
g6 9. Be3 Bg7 10. a5 O-O 11. f3 Be6 12. Bb6 Qc8 13. Nd5 Bxd5 14. exd5 Ne5 15.
O-O Ned7 16. Bf2 Nc5 17. Bc4 Nce4 18. Ra4 Nxf2 19. Rxf2 Nd7 20. Bf1 Bxb2 21. c3
Nc5 22. Rc4 Ba3 23. Ra2 1-0

[Event "Vojvodina Championship 2012"]
[Site "Novi Sad"]
[Date "2012.07.01"]
[Round "5"]
[White "Doric, Nenad"]
[Black "Blazeka, Matej"]
[Result "1/2-1/2"]
[WhiteElo "2339"]
[BlackElo "2202"]
[PlyCount "22"]
[EventDate "2012.??.??"]
[Source "Perpetual Check"]

1. e4 e5 2. Nf3 Nc6 3. Bb5 a6 4. Bxc6 dxc6 5. d4 exd4 6. Qxd4 Qxd4 7. Nxd4 Bd7
8. Nc3 O-O-O 9. Be3 Ne7 10. f3 c5 11. Nde2 b6 1/2-1/2

[Event "Vojvodina Championship 2012"]
[Site "Novi Sad"]
[Date "2012.07.01"]
[Round "5"]
[White "Stojanovic, Andjelija"]
[Black "Popovic, Dobrivoj"]
[Result "1-0"]
[WhiteElo "2293"]
[BlackElo "2195"]
[PlyCount "43"]
[EventDate "2012.??.??"]
[Source "Perpetual Check"]

1. e4 c5 2. Nf3 d6 3. d4 cxd4 4. Qxd4 Nc6 5. Bb5 Bd7 6. Bxc6 Bxc6 7. Nc3 Nf6 8.
Bg5 e6 9. O-O-O Be7 10. Rhe1 Qa5 11. Kb1 Rd8 12. Qd2 Qc7 13. Nd4 a6 14. Nd5
exd5 15. exd5 Bxd5 16. Nf5 Be6 17. Nxg7+ Kd7 18. Nxe6 fxe6 19. Qe2 Ng8 20.
Qxe6+ Ke8 21. Qg4 Qd7 22. Qd4 1-0

[Event "Vojvodina Championship 2012"]
[Site "Novi Sad"]
[Date "2012.07.01"]
[Round "5"]
[White "Azaric, Slavko"]
[Black "Parnicki, Zlatko"]
[Result "1-0"]
[WhiteElo "2273"]
[BlackElo "2177"]
[PlyCount "103"]
[EventDate "2012.??.??"]
[Source "Perpetual Check"]

1. e4 c5 2. Nc3 e6 3. Nge2 Nc6 4. d4 cxd4 5. Nxd4 Nf6 6. Ndb5 Bb4 7. a3 Bxc3+
8. Nxc3 d5 9. exd5 Nxd5 10. Nxd5 exd5 11. Bd3 Qe7+ 12. Qe2 Qxe2+ 13. Kxe2 O-O
14. Bf4 Re8+ 15. Kd2 Bd7 16. Rae1 Nd4 17. Rxe8+ Rxe8 18. Be3 Nc6 19. f3 a6 20.
f4 g6 21. h3 f5 22. Bc5 Kf7 23. a4 Nd8 24. b3 Ne6 25. Bd6 Rd8 26. g4 Bc8 27.
gxf5 gxf5 28. Be5 Nc5 29. Rg1 Rg8 30. Rxg8 Kxg8 31. Be2 Kf7 32. Ke3 b6 33. a5
bxa5 34. Kd4 Ne4 35. Kxd5 Bb7+ 36. Kd4 Ke7 37. Bc7 a4 38. bxa4 Kd7 39. Bb6 Kc6
40. a5 Kd6 41. c4 Kc6 42. Ke5 Bc8 43. Bf3 Bd7 44. h4 h6 45. Bh1 Bc8 46. Bg2 Bd7
47. Bf3 Bc8 48. Bh5 Nd2 49. Bf7 Nf3+ 50. Kf6 Nxh4 51. Ke7 Kb7 52. Bf2 1-0

[Event "Vojvodina Championship 2012"]
[Site "Novi Sad"]
[Date "2012.07.01"]
[Round "5"]
[White "Dimitrijevic, Radmilo"]
[Black "Sokic, Dragomir"]
[Result "1/2-1/2"]
[WhiteElo "2236"]
[BlackElo "2020"]
[PlyCount "37"]
[EventDate "2012.??.??"]
[Source "Perpetual Check"]

1. e4 e5 2. Nf3 Nc6 3. d4 exd4 4. Nxd4 Bc5 5. Be3 Bxd4 6. Bxd4 Nxd4 7. Qxd4 Qf6
8. e5 Qb6 9. Qxb6 axb6 10. Nc3 Ra5 11. f4 f6 12. exf6 Nxf6 13. O-O-O d6 14. g3
Bd7 15. Bg2 Bc6 16. Rhe1+ Kd8 17. Bxc6 bxc6 18. Re2 Re8 19. Rxe8+ 1/2-1/2

[Event "Vojvodina Championship 2012"]
[Site "Novi Sad"]
[Date "2012.07.01"]
[Round "5"]
[White "Savic, Dragan"]
[Black "Brajic, Miloje"]
[Result "0-1"]
[WhiteElo "2174"]
[BlackElo "2235"]
[PlyCount "142"]
[EventDate "2012.??.??"]
[Source "Perpetual Check"]

1. e4 Nf6 2. e5 Nd5 3. c3 d6 4. exd6 cxd6 5. d4 g6 6. Nf3 Bg7 7. Be2 O-O 8. O-O
Nc6 9. Na3 a6 10. Nc2 h6 11. Re1 e5 12. Bc4 Nb6 13. Bb3 Qc7 14. Ne3 Kh7 15. a4
a5 16. Nf1 Bg4 17. dxe5 dxe5 18. h3 Rad8 19. Qe2 Bf5 20. Rd1 Rxd1 21. Qxd1 Rd8
22. Qe2 Bd3 23. Qe3 e4 24. Ne1 Nd5 25. Qd2 Nxc3 26. Nxd3 Rxd3 27. Qe1 Nd4 28.
bxc3 Nxb3 29. Qxe4 Qxc3 30. Rb1 Rd4 31. Bb2 Qxb2 32. Rxb2 Rxe4 33. Rxb3 Rxa4
34. Rxb7 Ra1 35. Ra7 Kg8 36. g3 Bd4 37. Rd7 Bc5 38. Kg2 a4 39. Rd5 Rc1 40. Nd2
Bb4 41. Rd4 Bc3 42. Rd8+ Kg7 43. Ne4 Bb2 44. Ra8 a3 45. Nd6 Rc2 46. Nb5 Bc1 47.
Nd4 Ra2 48. Kf3 Rd2 49. Ne2 Bb2 50. Ra7 g5 51. g4 Rd3+ 52. Kg2 Kf6 53. Ra5 Ke6
54. Ng3 Rd5 55. Ra4 Kd6 56. Nf1 Rd4 57. Ra7 Kc5 58. Ne3 f6 59. Nc2 Rd3 60. Ra6
Rc3 61. Ne3 Rb3 62. Kf3 Bd4 63. Ke4 Bxe3 64. fxe3 Kb5 65. Ra8 Rb4+ 66. Kf5 Ra4
67. Rb8+ Kc4 68. Rb1 a2 69. Rc1+ Kd3 70. Kxf6 a1=Q+ 71. Rxa1 Rxa1 0-1

[Event "Vojvodina Championship 2012"]
[Site "Novi Sad"]
[Date "2012.07.01"]
[Round "5"]
[White "Stone, Andrew M"]
[Black "Copic, Branko"]
[Result "0-1"]
[WhiteElo "2233"]
[BlackElo "2052"]
[PlyCount "103"]
[EventDate "2012.??.??"]
[Source "Perpetual Check"]

1. c4 c5 2. g3 Nc6 3. Bg2 Nf6 4. Nf3 g6 5. O-O Bg7 6. d4 cxd4 7. Nxd4 O-O 8. c5
Qa5 9. Nb3 Qd8 10. Nc3 b6 11. Bf4 Ba6 12. Qd2 Rc8 13. Rfd1 Bc4 14. cxb6 axb6
15. Nc1 Be6 16. Bh6 d6 17. Bxg7 Kxg7 18. Nd3 Re8 19. b4 Qc7 20. Rdc1 Qb8 21. a4
Nd4 22. Nf4 Nb3 23. Nxe6+ fxe6 24. Qe3 Nxa1 25. Rxa1 e5 26. b5 Rc5 27. Bc6 Rc8
28. Na2 Rc4 29. Qa3 Qa7 30. Nb4 Qa5 31. Rb1 Rc7 32. Qb3 Rc5 33. Nd3 Rc3 34. Qb2
Rc4 35. Qb3 Rxa4 36. Nb4 Ra1 37. Rxa1 Qxa1+ 38. Kg2 Qd4 39. Na6 Ra7 40. e3 Qg4
41. h3 Qc8 42. Nb4 Ra1 43. Qb2 Ra5 44. Qb3 Qf5 45. g4 Nxg4 46. hxg4 Qxg4+ 47.
Kh2 Ra1 48. Bg2 Qh4+ 49. Bh3 Qxf2+ 50. Bg2 Rg1 51. Qd5 Rxg2+ 52. Qxg2 0-1